000 00805nam a2200181Ia 4500
008 100921s9999 xx 000 0 und d
082 _b4456
_a320 थ 55
100 _aपंडित नलिनी.
245 _aमहाराष्ट्रातील राष्ट्रवादाचा विकास.
260 _bपंडित नलिनी,मुंबई.
_c1955
300 _a256
_b---
365 _b5
520 _aस.शा.राज्यशास्त्र.
630 _aमहाराष्ट्रातील राष्ट्रवादाचा विकास.
650 _aस.शा.राज्यशास्त्र.
730 _aमहाराष्ट्रातील राष्ट्रवादाचा विकास.
942 _cBOOK
999 _c753569
_d753566